Classement du Ballon d'or 2022 - Statistiques

Statistiques générales
  • Ce quiz a été pris 277 fois
  • Le résultat moyen est 26 sur 30
Statistiques - réponses
Classement
Joueur
Club du joueur Nationalité % Correct
1 Karim Benzema Real Madrid France
100%
6 Kylian Mbappé Paris Saint-Germain France
100%
3 Kevin De Bruyne Manchester City Belgique
99%
9 Luka Modric Real Madrid Croatie
99%
5 Mohamed Salah Liverpool Egypte
99%
10 Erling Haaland Borussia Dortmund / Manchester City Norvège
98%
2 Sadio Mané Liverpool Sénégal
98%
11 Heung-min Son Tottenham Corée du Sud
97%
4 Robert Lewandowski Bayern Munich / FC Barcelone Pologne
97%
7 Thibaut Courtois Real Madrid Belgique
97%
8 Vinicius Jr Real Madrid Brésil
97%
12 Riyad Mahrez Manchester City Algérie
96%
22 Bernardo Silva Manchester City Portugal
91%
21 Harry Kane Tottenham Angleterre
90%
14 Rafael Leao AC Milan Portugal
90%
16 Virgil Van Dijk Liverpool Pays-Bas
88%
17 Casemiro Real Madrid / Manchester United Brésil
86%
13 Sebastien Haller Ajax Amsterdam / Borussia Dortmund Cote d'ivoire
82%
20 Cristiano Ronaldo Juventus / Manchester United Portugal
81%
25 Darwin Nunez Benfica / Liverpool Uruguay
81%
28 Antonio Rudiger Chelsea FC / Real Madrid Allemagne
80%
26 Christopher Nkunku RB Leipzig France
80%
19 Luis Diaz Porto / Liverpool Colombie
80%
29 Mike Maignan AC Milan France
80%
18 Dusan Vlahovic Fiorentina / Juventus Serbie
79%
30 Joshua Kimmich Bayern Munich Allemagne
70%
24 Phil Foden Manchester City Angleterre
70%
23 Trent Alexander-Arnold Liverpool Angleterre
66%
15 Fabinho Liverpool Brésil
61%
27 Joao Cancelo Manchester City Portugal
59%
Aucun quiz correspondant
Distribution des résultats
% des personnes avec chaque résultat
Percentile par nombre de réponses
Votre historique - résultats
Vous n’avez pas pris ce quiz